Сборник задач по курсу математического анализа. Решение типичных и трудных задач: учебное пособие

Opis bibliograficzny
1. autor: Берман Г. Н. Георгий Николаевич
Streszczenie:Учебное пособие предназначено для студентов, изучающих математический анализ в объеме программы для высших технических учебных заведений. «Сборник» содержит систематически подобранные задачи и упражнения к основным разделам курса математического анализа. Настоящая книга — значительно расширенный вариант известного «Сборника задач но курсу математического анализа» того же автора. По сравнению с двадцать вторым изданием «Сборника» (2002 г.) добавлен обширный раздел с решениями типичных, а также наиболее трудных задач. Кроме того, для удобства пользования пособием в начале каждого параграфа приведены краткие теоретические сведения, необходимые для решения задач. Количество решенных задач составляет примерно пятую часть общего их числа, поэтому задачник может использоваться при самостоятельной подготовке студентов.
Język:rosyjski
Wydane: СПб., Лань, 2005
Seria:Учебники для вузов. Специальная литература
Hasła przedmiotowe:
Format: Książka
KOHA link:https://koha.lib.tpu.ru/cgi-bin/koha/opac-detail.pl?biblionumber=100824

MARC

LEADER 00000nam0a2200000 4500
001 100824
005 20231031112239.0
010 |a 5811406576 
035 |a (RuTPU)RU\TPU\book\108508 
090 |a 100824 
100 |a 20060828d2005 m y0rusy50 ca 
101 0 |a rus 
102 |a RU 
105 |a a j 000zy 
200 1 |a Сборник задач по курсу математического анализа. Решение типичных и трудных задач  |e учебное пособие  |f Г. Н. Берман 
210 |a СПб.  |c Лань  |d 2005 
215 |a 608 с.  |c ил. 
225 1 |a Учебники для вузов. Специальная литература 
330 |a Учебное пособие предназначено для студентов, изучающих математический анализ в объеме программы для высших технических учебных заведений. «Сборник» содержит систематически подобранные задачи и упражнения к основным разделам курса математического анализа. Настоящая книга — значительно расширенный вариант известного «Сборника задач но курсу математического анализа» того же автора. По сравнению с двадцать вторым изданием «Сборника» (2002 г.) добавлен обширный раздел с решениями типичных, а также наиболее трудных задач. Кроме того, для удобства пользования пособием в начале каждого параграфа приведены краткие теоретические сведения, необходимые для решения задач. Количество решенных задач составляет примерно пятую часть общего их числа, поэтому задачник может использоваться при самостоятельной подготовке студентов. 
451 1 |0 (RuTPU)RU\TPU\book\119014  |y 5-8114-0657-6  |t Сборник задач по курсу математического анализа. Решение типичных и трудных задач  |o учебное пособие  |f Г. Н. Берман  |e 2-е изд., стер.  |c СПб.  |n Лань  |d 2006  |p 608 с.  |s Учебники для вузов. Специальная литература  |a Берман, Георгий Николаевич 
610 1 |a математический анализ 
610 1 |a задачи 
610 1 |a функции 
610 1 |a пределы 
610 1 |a непрерывность 
610 1 |a производные 
610 1 |a дифференциалы 
610 1 |a дифференциальное исчисление 
610 1 |a графики функций 
610 1 |a определенные интегралы 
610 1 |a неопределенные интегралы 
610 1 |a интегральное исчисление 
610 1 |a несобственные интегралы 
610 1 |a ряды 
610 1 |a функции нескольких переменных 
610 1 |a многомерные интегралы 
610 1 |a кратное интегрирование 
610 1 |a криволинейные интегралы 
610 1 |a интегралы по поверхности 
610 1 |a дифференциальные уравнения 
610 1 |a тригонометрические ряды 
610 1 |a теория поля 
610 1 |a ответы 
610 1 |a решения 
610 1 |a учебные пособия 
675 |a 517(076)  |v 3 
700 1 |a Берман  |b Г. Н.  |g Георгий Николаевич 
801 1 |a RU  |b 63413507  |c 20060828  |g PSBO 
801 2 |a RU  |b 63413507  |c 20211018  |g PSBO 
942 |c BK 
959 |a 19/20070216  |d 100  |e 181,06  |f УФ:100